Delmar Learning’s administrative medical assisting

Saved in:
Bibliographic Details
Main Author: THOMSON
Format: Book
Language:English
Published: Thomson Delmar Learning 2006
Tags: Add Tag
No Tags, Be the first to tag this record!

MARC

LEADER 00000nam a22000007a 4500
008 210122b ||||| |||| 00| 0 eng d
020 |a : 1-4018-8135-1 
100 |a THOMSON, 
245 |a Delmar Learning’s administrative medical assisting  |c THOMSON 
250 |b 3rd  |c Wilburta Q. Lindh 
260 |b Thomson Delmar Learning  |c 2006  |h New York  |i 687174  |l R728.8 .T36  |m Medical assistants  |m Medical offices – Management 
942 |a lcc  |c BK  |e Mr ogunleye 
952 |0 0  |1 0  |2 lcc  |4 0  |6 R07288 T36  |7 0  |9 1602  |a HOL  |b HOL  |d 2021-01-22  |l 0  |o R728.8 .T36  |p 2021-0390  |r 2021-01-22 00:00:00  |w 2021-01-22  |y BK 
999 |c 847  |d 847